00378nam a2200157 a 450000100060000000300090000600800410001502000150005604000280007108200170009910000190011624500370013526000290017230000100020165000090021112508CO-ViMGA141112s2004 ck r 000 u spa d a8479021241 aCO-ViMGAbspacCO-ViMGA04a796.352 P35p1 aPenick, Harvey10aEl pequeño libro Rojo del Golf aMadrid : bTutor, c1996 a191p.14aGOLF